| 000 | 01413nam a2200421 c 4500 | ||
|---|---|---|---|
| 999 |
_c50988 _d50988 |
||
| 001 | 50988 | ||
| 003 | ES-MaCES | ||
| 005 | 20181023125526.0 | ||
| 008 | 181015s2018 uk 000 | eng d | ||
| 020 | _a9781787438163 | ||
| 020 | _a9781787438156 (online) | ||
| 020 | _a9781787439870 (epub) | ||
| 040 |
_aES-MaCES _bspa _cES-MaCES |
||
| 245 | 0 | 0 |
_aGovernance and regulations _b: contemporary issues _cedited by Simon Grima, Pierpaolo Marano |
| 250 | _a1st ed | ||
| 260 |
_aBingley (UK) [etc.] _bEmerald _c2018 |
||
| 300 |
_aXX, 329 p. _c24 cm |
||
| 490 | 1 |
_aContemporary studies in economic and financial analysis _vv. 99 |
|
| 500 | _aResumen por capts. | ||
| 504 | _aBibliografía | ||
| 541 | _cCompra | ||
| 650 | 7 |
_aplanificación corporativa _930332 |
|
| 650 | 7 |
_aestrategia de gestión _930591 |
|
| 650 | 7 |
_aestrategia empresarial _930601 |
|
| 650 | 7 |
_asector financiero _930761 |
|
| 650 | 7 |
_asector económico _930015 |
|
| 650 | 7 |
_apolítica económica _927025 |
|
| 650 | 7 |
_alegislación económica _927161 |
|
| 650 | 7 |
_amecanismo de control _929918 |
|
| 650 | 7 |
_ainternacional _926674 |
|
| 650 | 7 |
_aestudio de casos _928846 |
|
| 653 | 1 | 0 | _aEconomía |
| 700 | 1 |
_aGrima, Simon _eed. lit. _939296 |
|
| 700 | 1 |
_aMarano, Pierpaolo _eed. lit. _939297 |
|
| 830 | 0 |
_aContemporary studies in economic and financial analysis _vv. 99 _939293 |
|
| 902 | _aLIB Libro | ||
| 942 |
_2CES _cBK _h0.0. |
||